000 00718nam a2200193Ia 4500
008 090124s9999 xx 000 0 und d
020 _a81-267-0845-x
082 _b44294
100 _aवाजपेयी अशोक
245 _a आत्मा का ताप- रजा की जिन्दगी और कला
250 _a1
260 _c2004
300 _a213+7
600 _aवाजपेयी अशोक
630 _a आत्मा का ताप- रजा की जिन्दगी और कला
700 _aवाजपेयी अशोक
730 _a आत्मा का ताप- रजा की जिन्दगी और कला
942 _cBOOK
999 _c110509
_d110509